People in Pictures with Mao Zedong (Hard) - Statistics

General Stats
  • This quiz has been taken 117 times
  • The average score is 12 of 32
Answer Stats
Picture Hint Answer % Correct
Soviet Union Joseph Stalin | Nikolai Bulganin
96%
North Korea Kim Il-sung
91%
United States/China Richard Nixon | Zhang Yufeng
88%
China/Taiwan Chiang Kai-shek
72%
United States Henry Kissinger
72%
North Vietnam Ho Chi Minh
72%
Soviet Union Nikita Khrushchev
71%
Argentina/Cuba Che Guevara
68%
China Deng Xiaoping
55%
Canada Pierre Trudeau
51%
India Jawaharlal Nehru
48%
Albania Enver Hoxha
44%
Indonesia Sukarno
43%
Philippines Ferdinand Marcos
42%
Romania Nicolae Ceausescu
38%
China Zhou Enlai
36%
Singapore Lee Kuan Yew
29%
Egypt Hosni Mubarak
26%
China Lin Biao
21%
Cambodia/China Norodom Sihanouk | Peng Zhen
20%
China Jiang Qing
18%
Pakistan Zulfikar Ali Bhutto
16%
France Georges Pompidou
15%
China Liu Shaoqi
15%
China Puyi | Dong Biwu
11%
United States W. E. B. du Bois
9%
United States Edgar Snow
4%
China Song Binbin
3%
China Zhang Guotao
3%
United Kingdom Bernard Montgomery
2%
Japan Tanaka Kakuei
2%
United States Robert F. Williams
1%
No matching quizzes found
Score Distribution
Percent of People with Each Score
Percentile by Number Answered
Your Score History
You have not taken this quiz